000 00392nam a2200133Ia 4500
005 20260328101511.0
008 260328s9999||||xx |||||||||||||| ||und||
100 _aFox, Robert W.
245 0 _aTendencias Demográficas y de Urbanización en América Central y Panamá /
_cRobert W. Fox
260 _bBanco Interamericano de Desarrollo
300 _a239 p.
650 _aURBANISMO
942 _cBK
999 _c9215
_d9215